Normal view
MARC view
Entry Personal Name
001 - CONTROL NUMBER
- control field: 49360
003 - CONTROL NUMBER IDENTIFIER
- control field: ARRUPE
005 - DATE AND TIME OF LATEST TRANSACTION
- control field: 20200205090540.0
008 - FIXED-LENGTH DATA ELEMENTS
- fixed length control field: 200205|| aca||aabn | a|a d
040 ## - CATALOGING SOURCE
- Original cataloging agency: ARRUPE
- Transcribing agency: ARRUPE
100 ## - HEADING--PERSONAL NAME
- Personal name: Sadleir, Michael,
- Dates associated with a name: 1888-1957.
670 ## - SOURCE DATA FOUND
- Source citation: Work cat.: (ARRUPE)0: Sadleir, Michael, 1888-1957., Blessington-D'Orsay :, 1933.